Southville International School and Colleges
Your cart is empty.
  • Cart
  • Lists
    Public lists Eva Luna New books Lux_list list_1
    Your lists Log in to create your own lists
  • Log in to your account
  • Your cookies
  • Search history
Southville International School and Colleges
  • Advanced search
  • Recent comments
  • Most popular
  • Libraries

Log in to your account

Log in with GOOGLE


If you do not have an external account, but do have a local account, you can still log in:

  1. Home
  2. MARC view: People of Destiny :
Normal view MARC view ISBD view

People of Destiny : (Record no. 288)

[ view plain ]
MARC details
000 -LEADER
fixed length control field 01010cam a22003011 4500
001 - CONTROL NUMBER
control field 1231023
003 - CONTROL NUMBER IDENTIFIER
control field OSt
005 - DATE AND TIME OF LATEST TRANSACTION
control field 20140310181625.0
008 - FIXED-LENGTH DATA ELEMENTS--GENERAL INFORMATION
fixed length control field 851009s1968 iluac j b 000 0beng
010 ## - LIBRARY OF CONGRESS CONTROL NUMBER
LC control number 68015564
040 ## - CATALOGING SOURCE
Original cataloging agency DLC
Transcribing agency DLC
Modifying agency DLC
042 ## - AUTHENTICATION CODE
Authentication code lcac
050 00 - LIBRARY OF CONGRESS CALL NUMBER
Classification number PS 3515
Item number .R514Er 1968
082 00 - DEWEY DECIMAL CLASSIFICATION NUMBER
Classification number REF 920
Item number H34 1968
100 1# - MAIN ENTRY--PERSONAL NAME
Personal name Richards, Norman,
Dates associated with a name 1932 Mar. 14-
245 10 - TITLE STATEMENT
Title People of Destiny :
Remainder of title Ernest Hemingway /
Statement of responsibility, etc Norman Richards.
260 ## - PUBLICATION, DISTRIBUTION, ETC. (IMPRINT)
Place of publication, distribution, etc Chicago,
Name of publisher, distributor, etc Children's Press
Date of publication, distribution, etc c1968.
300 ## - PHYSICAL DESCRIPTION
Extent 94 p.
Other physical details illus., ports.
Dimensions 29 cm.
490 1# - SERIES STATEMENT
Series statement People of destiny: a humanities series
600 10 - SUBJECT ADDED ENTRY--PERSONAL NAME
Personal name Hemingway, Ernest,
Dates associated with a name 1899-1961
Form subdivision Juvenile literature.
600 11 - SUBJECT ADDED ENTRY--PERSONAL NAME
Personal name Hemingway, Ernest,
Dates associated with a name 1899-1961.
650 #0 - SUBJECT ADDED ENTRY--TOPICAL TERM
Topical term or geographic name as entry element Authors, American
Chronological subdivision 20th century
Form subdivision Biography
-- Juvenile literature.
650 #0 - SUBJECT ADDED ENTRY--TOPICAL TERM
Topical term or geographic name as entry element Journalists
Geographic subdivision United States
Form subdivision Biography
-- Juvenile literature.
830 #0 - SERIES ADDED ENTRY--UNIFORM TITLE
Uniform title People of destiny.
906 ## - LOCAL DATA ELEMENT F, LDF (RLIN)
a 7
b cbc
c orignew
d u
e ocip
f 19
g y-gencatlg
942 ## - ADDED ENTRY ELEMENTS (KOHA)
Source of classification or shelving scheme Library of Congress Classification
Koha item type Books
Holdings
Withdrawn status Lost status Source of classification or shelving scheme Damaged status Home library Current library Shelving location Date acquired Total Checkouts Full call number Barcode Date last seen Copy number Price effective from Koha item type
    Library of Congress Classification   Luxembourg Library Luxembourg Library Reference Section 02/06/2012   PS 3515 .R514Er 1968 7969 07/13/2019 1 10/03/2013 Books

People of Destiny :

APA

Richards N., . (1968). People of Destiny. Chicago: Children's Press.

Chicago

Richards Norman, . 1968. People of Destiny. Chicago: Children's Press.

Harvard

Richards N., . (1968). People of Destiny. Chicago: Children's Press.

MLA

Richards Norman, . People of Destiny. Chicago: Children's Press. 1968.

  • Place hold
  • Print
  • Cite
  • Add to your cart (remove)
  • Save record
    BIBTEX Dublin Core MARCXML MARC (non-Unicode/MARC-8) MARC (Unicode/UTF-8) MARC (Unicode/UTF-8, Standard) MODS (XML) RIS
  • More searches
    Search for this title in:
    Other Libraries (WorldCat) Other Databases (Google Scholar) Online Stores (Bookfinder.com) Open Library (openlibrary.org)

Exporting to Dublin Core...

SOUTHVILLE LIBRARY

Southville International School and Colleges Library

1281 Tropical Ave. Cor. Luxembourg St., BF Homes International, Las Pinas City

Tel. No. 8256374 / 252358 Loc. 117/146

Powered by Koha